Understanding Psychology (Record no. 21236)

MARC details
000 -LEADER
fixed length control field 00384nam a22001457a 4500
008 - FIXED-LENGTH DATA ELEMENTS--GENERAL INFORMATION
fixed length control field 251978016b |||||||| |||| 00| 0 eng d
020 ## - INTERNATIONAL STANDARD BOOK NUMBER
International Standard Book Number 978-0-07-353193-9
050 ## - LIBRARY OF CONGRESS CALL NUMBER
Classification number BF 121
Item number .F34
100 ## - MAIN ENTRY--PERSONAL NAME
Personal name Feldman, S. Robert
9 (RLIN) 22696
245 ## - TITLE STATEMENT
Title Understanding Psychology
260 ## - PUBLICATION, DISTRIBUTION, ETC.
Place of publication, distribution, etc. New York
Name of publisher, distributor, etc. MCGraw Hill
Date of publication, distribution, etc. 2009
300 ## - PHYSICAL DESCRIPTION
Extent xxiii, 618P
500 ## - GENERAL NOTE
General note Includes Index
942 ## - ADDED ENTRY ELEMENTS (KOHA)
Source of classification or shelving scheme Library of Congress Classification
Holdings
Withdrawn status Lost status Source of classification or shelving scheme Damaged status Not for loan Collection Home library Current library Shelving location Date acquired Total Checkouts Full call number Barcode Date last seen Date last checked out Copy number Price effective from Koha item type
    Library of Congress Classification     General Collection Books Embu Campus Library Embu Campus Library General Stacks 16/10/2025 1 BF 121.F34 2008 5672/09 03/11/2025 16/10/2025 1 16/10/2025 Long Loan Books

Powered by Koha